000 01271nam a2200313 i 4500
003 EG-GICUC
005 20260211202527.0
008 260211s1987 iq ||||fr|||| 00| 0 ara d
040 _a EG-GICUC
_bara
_c EG-GICUC
_d EG-GICUC
_erda
041 0 _aara
082 0 4 _a343.412
_bف خ . ا
_221
092 0 4 _221
099 _aLaw1 10 343.412 ف خ . ا 1987 1006934
100 0 _aفخري عبد الرزاق الحديثي.
_eمؤلف.
245 1 0 _aاصول الاجراءات في الجرائم الاقتصادية /
_cتأليف الدكتور فخري عبد الرزاق الحديثي.
264 1 _aبغداد :
_bفخري عبد الرزاق الحديثي،
_c1987.
300 _a84 صفحة ؛
_c24 سم.
_bإيضاحيات، صور، مثيليات ؛
336 _2rda content
_atext
337 _2rda media
_aComputer
338 _2rda carrier
_aOnline Resource
504 _aيشتمل على ارجاعات ببليوجرافية.
546 _aالنص باللغة العربية
650 1 4 _aقانون العقوبات المالي والنقدي.
_2qrmak
650 1 4 _aالقانون الجنائي.
_2qrmak
651 1 _2qrmak
856 4 0 _uhttps://fll.law.cu.edu.eg/fulltext/bks/B10-06934.pdf
905 _a18
942 _2ddc
_cBK
_e21
_n0
999 _c62697
_d62697